00357nam a2200133Ia 4500008004100000041000800041082001500049100001700064245004500081250001400126260004400140300003200184365000700216240624s9999 xx 000 0 und d aeng a658.83 BES aBEST ROGER J aMARKET BASED MANAGEMENT STRATEGIES FOR G a(4th ed.) c2006aNew DelhibPrentice-Hall of India axxii, : 506 : p. : cm. ; 25 cRS